Dynamic Systems Approach to Turbulence (Record no. 8379)

MARC details
000 -LEADER
fixed length control field 00570nam a22001937a 4500
003 - CONTROL NUMBER IDENTIFIER
control field OSt
005 - DATE AND TIME OF LATEST TRANSACTION
control field 20240611123743.0
008 - FIXED-LENGTH DATA ELEMENTS--GENERAL INFORMATION
fixed length control field 240611b |||||||| |||| 00| 0 eng d
040 ## - CATALOGING SOURCE
Transcribing agency MUST
082 ## - DEWEY DECIMAL CLASSIFICATION NUMBER
Classification number 511.8 DYN 1999
100 ## - MAIN ENTRY--PERSONAL NAME
Personal name Bohr , Tomas [et ..al ]
9 (RLIN) 17046
245 ## - TITLE STATEMENT
Title Dynamic Systems Approach to Turbulence
260 ## - PUBLICATION, DISTRIBUTION, ETC. (IMPRINT)
Place of publication, distribution, etc. USA
Name of publisher, distributor, etc. : Cambridge University Press
Date of publication, distribution, etc. ,1998
300 ## - PHYSICAL DESCRIPTION
Extent xx,350p.
Other physical details ; ill.
Dimensions ;25 cm
440 ## - SERIES STATEMENT/ADDED ENTRY--TITLE
Title Cambridge Nonlinear Science series 8
9 (RLIN) 17047
504 ## - BIBLIOGRAPHY, ETC. NOTE
Bibliography, etc References
650 ## - SUBJECT ADDED ENTRY--TOPICAL TERM
Source of heading or term Turbulence - Mathematical models
942 ## - ADDED ENTRY ELEMENTS (KOHA)
Source of classification or shelving scheme Dewey Decimal Classification
Koha item type Open Shelf
Holdings
Withdrawn status Lost status Source of classification or shelving scheme Damaged status Not for loan Home library Current library Date acquired Source of acquisition Inventory number Total Checkouts Full call number Barcode Date last seen Price effective from Koha item type
    Dewey Decimal Classification     MUST Main Library MUST Main Library 11/06/2024 Purchase 06/26805   511.8 DYN 1999 2024-20276 11/06/2024 11/06/2024 Open Shelf
    Other/Generic Classification Scheme     MUST Main Library MUST Main Library 11/06/2024   04/22734   511.8 DYN 1999 2024-20277 11/06/2024 11/06/2024 Open Shelf